The wild palms / (Record no. 76860)
[ view plain ]
| 000 -LEADER | |
|---|---|
| fixed length control field | 00705nam a2200241 a 4500 |
| 001 - CONTROL NUMBER | |
| control field | 76860 |
| 003 - CONTROL NUMBER IDENTIFIER | |
| rucl marc code | BD-RjUL |
| 005 - DATE AND TIME OF LATEST TRANSACTION | |
| control field | 20211209082910.0 |
| 008 - FIXED-LENGTH DATA ELEMENTS--GENERAL INFORMATION | |
| fixed length control field | 200127r19621954enk 000 1 eng d |
| 035 ## - SYSTEM CONTROL NUMBER | |
| System control number | (UkLCURL)050017729166 |
| System control number | (BD-RjUL)77084 |
| 040 ## - CATALOGING SOURCE | |
| Original cataloging agency | YWM |
| Transcribing agency | YWM |
| Modifying agency | ERL |
| -- | BD-RjUL |
| Language of cataloging | eng |
| 041 ## - LANGUAGE CODE | |
| Language code of text/sound track or separate title | eng |
| 082 ## - DEWEY DECIMAL CLASSIFICATION NUMBER | |
| Edition number | 23 |
| Classification number | 813.52 |
| Author mark and year | FAW 1962 |
| 100 1# - MAIN ENTRY--PERSONAL NAME | |
| Personal name | Faulkner, William, |
| Dates associated with a name | 1897-1962. |
| 9 (RLIN) | 238489 |
| 245 14 - TITLE STATEMENT | |
| Title | The wild palms / |
| Statement of responsibility, etc. | by William Faulkner. |
| 260 ## - PUBLICATION, DISTRIBUTION, ETC. (IMPRINT) | |
| Place of publication, distribution, etc. | London : |
| Name of publisher, distributor, etc. | Chatto & Windus, |
| Date of publication, distribution, etc. | 1952. |
| 300 ## - PHYSICAL DESCRIPTION | |
| Pagination | 315 p ; |
| Size | 19 cm. |
| 600 ## - SUBJECT ADDED ENTRY--PERSONAL NAME | |
| Personal name | Faulkner, William, |
| Dates associated with a name | 1897-1962 |
| 650 ## - SUBJECT ADDED ENTRY--TOPICAL TERM | |
| Topical term or geographic name as entry element | Floods |
| 9 (RLIN) | 238491 |
| 651 ## - SUBJECT ADDED ENTRY--GEOGRAPHIC NAME | |
| Geographic name | Mississippi River Valley |
| Form subdivision | Fiction |
| 9 (RLIN) | 238492 |
| 942 ## - ADDED ENTRY ELEMENTS (KOHA) | |
| Source of classification or shelving scheme | Dewey Decimal Classification |
| Koha item type | Books |
| Lost status | Source of classification or shelving scheme | Damaged status | Not for loan | Collection code | Permanent Location | Current Location | Shelving location | Date acquired | Total Checkouts | Full call number | Date last seen | Copy number | Koha item type |
|---|---|---|---|---|---|---|---|---|---|---|---|---|---|
| Dewey Decimal Classification | Not For Loan | Fiction | Central Library, University of Rajshahi | Central Library, University of Rajshahi | Reading Room | 28/01/2020 | 813.52 FAW 1962 | 28/01/2020 | C-1 | Books |